| 000 | 00468nam a2200169Ia 4500 | ||
|---|---|---|---|
| 999 |
_c11988 _d11988 |
||
| 003 | OSt | ||
| 005 | 20201005160506.0 | ||
| 008 | 190216s9999||||xx |||||||||||||| ||und|| | ||
| 040 | _coclc | ||
| 082 |
_a808 _bREA/E |
||
| 100 |
_aRead, Herbert _95310 |
||
| 245 | 0 |
_aEnglish Prose Style / _cHerbert Read |
|
| 260 |
_bLyall Book Depot, _c1968. _aLudhiyana: |
||
| 300 | _a215p | ||
| 650 | _aEnglish Essay | ||
| 942 |
_cBK _2ddc _h808 _iREA/E _k808 _mREA/E |
||